Memorias de Lima / (Registro nro. 5074)
[ vista simple ]
| 000 -LEADER | |
|---|---|
| fixed length control field | 00930nam a22002657a 4500 |
| 003 - CONTROL NUMBER IDENTIFIER | |
| control field | PE SENCICO BE |
| 005 - DATE AND TIME OF LATEST TRANSACTION | |
| control field | 20251020182711.0 |
| 008 - FIXED-LENGTH DATA ELEMENTS--GENERAL INFORMATION | |
| fixed length control field | 250122b |||||||| |||| 00| 0 eng d |
| 040 ## - CATALOGING SOURCE | |
| Original cataloging agency | PE SENCICO BE |
| Transcribing agency | PE SENCICO BE |
| 041 ## - LANGUAGE CODE | |
| Language code of text/sound track or separate title | spa |
| 082 ## - DEWEY DECIMAL CLASSIFICATION NUMBER | |
| Classification number | 985.25 |
| Item number | G23 |
| -- | 2013 |
| 100 1# - MAIN ENTRY--PERSONAL NAME | |
| 9 (RLIN) | 2867 |
| Personal name | Gunther Doering, Juan |
| Relator term | autor |
| 245 1# - TITLE STATEMENT | |
| Title | Memorias de Lima / |
| Statement of responsibility, etc. | Juan Gunther Doering, Henry Mitrani Reaño |
| 250 ## - EDITION STATEMENT | |
| Edition statement | 2a ed. |
| 260 ## - PUBLICATION, DISTRIBUTION, ETC. | |
| Place of publication, distribution, etc. | Lima : |
| Name of publisher, distributor, etc. | El Comercio ; |
| Date of publication, distribution, etc. | 2013 |
| 300 ## - PHYSICAL DESCRIPTION | |
| Extent | 4 tomos : |
| Other physical details | ilustraciones, fotografías ; |
| Dimensions | 27 cm. |
| 505 0# - FORMATTED CONTENTS NOTE | |
| Formatted contents note | Tomo 1: Los paisajes y la geografía -- Tomo 2: Los orígenes de la ciudad -- Tomo 3 y tomo 4: La ciudad durante la República |
| 650 10 - SUBJECT ADDED ENTRY--TOPICAL TERM | |
| 9 (RLIN) | 707 |
| Topical term or geographic name entry element | Historia |
| 650 20 - SUBJECT ADDED ENTRY--TOPICAL TERM | |
| 9 (RLIN) | 1392 |
| Topical term or geographic name entry element | Geografía urbana |
| 650 20 - SUBJECT ADDED ENTRY--TOPICAL TERM | |
| 9 (RLIN) | 584 |
| Topical term or geographic name entry element | Fotografías |
| 651 #0 - SUBJECT ADDED ENTRY--GEOGRAPHIC NAME | |
| 9 (RLIN) | 1382 |
| Geographic name | Lima (Perú : Departamento) |
| 700 1# - ADDED ENTRY--PERSONAL NAME | |
| 9 (RLIN) | 2868 |
| Personal name | Mytrani Reaño, Henry |
| Relator term | autor |
| 910 ## - USER-OPTION DATA (OCLC) | |
| User-option data | hfp |
| -- | hfp |
| -- | hfp |
| 942 ## - ADDED ENTRY ELEMENTS (KOHA) | |
| Source of classification or shelving scheme | Dewey Decimal Classification |
| Koha item type | Libros |
| Fecha de la última vez que lo usaron | Pago total | Signatura topográfica completa | Código de barras | Precio efectivo desde | Tipo de documento | Estado perdido | Sistema de clasificación | Estado dañado | No es para préstamo | Retirado | Ubicación permanente | Ubicación actual | Fecha de adquisición | Fuente de adquisición |
|---|---|---|---|---|---|---|---|---|---|---|---|---|---|---|
| 22/01/2025 | 985.25/G93/2013/t. 1 | BibLima25010042 | 22/01/2025 | Libros | Dewey Decimal Classification | Biblioteca Central Lima | Biblioteca Central Lima | 18/11/2024 | Comprado de la librería Megabook | |||||
| 22/01/2025 | 985.25/G93/2013/t. 2 | BibLima25010043 | 22/01/2025 | Libros | Dewey Decimal Classification | Biblioteca Central Lima | Biblioteca Central Lima | 18/11/2024 | Comprado de la librería Megabook | |||||
| 22/01/2025 | 985.25/G23/2013/t. 3 | BibLima25010044 | 22/01/2025 | Libros | Dewey Decimal Classification | Biblioteca Central Lima | Biblioteca Central Lima | 18/11/2024 | Comprado de la librería Megabook | |||||
| 22/01/2025 | 985.25/G23/2013/t. 4 | BibLima25010045 | 22/01/2025 | Libros | Dewey Decimal Classification | Biblioteca Central Lima | Biblioteca Central Lima | 18/11/2024 | Comprado de la librería Megabook |